[Event "Women's Baku Chess Olympiad"]
[Site "chess24.com"]
[Date "2016.09.09"]
[Round "7"]
[White "Terubea, Cydel"]
[Black "Faqeeh, Aseel"]
[Result "0-1"]
[Board "3"]
[WhiteID "11400455"]
[WhiteElo "1363"]
[WhiteCountry "FIJ"]
[WhiteFideId "11400455"]
[WhiteEloChange "-7"]
[BlackID "11501880"]
[BlackElo "1488"]
[BlackCountry "PLE"]
[BlackFideId "11501880"]
[BlackEloChange "7"]

1. e4 {[%clk 1:30:58]} e6 {[%clk 1:30:49]} 2. d4 {[%clk 1:31:19]} d5 {[%clk
1:31:13]} 3. exd5 {[%clk 1:29:40]} exd5 {[%clk 1:31:34]} 4. Qe2+ {[%clk 1:29:50]}
Be6 {[%clk 1:31:30]} 5. Nc3 {[%clk 1:29:25]} c6 {[%clk 1:31:18]} 6. g3 {[%clk
1:29:20]} Be7 {[%clk 1:30:46]} 7. Bg2 {[%clk 1:28:56]} Nf6 {[%clk 1:30:54]} 8.
Bd2 {[%clk 1:28:28]} Qb6 {[%clk 1:26:54]} 9. O-O-O {[%clk 1:22:01]} Qxd4 {[%clk
1:21:06]} 10. Bh6 {[%clk 1:20:12]} Qg4 {[%clk 1:18:43]} 11. Qxg4 {[%clk 1:14:01]}
Nxg4 {[%clk 1:13:08]} 12. Bxg7 {[%clk 1:14:09]} Rg8 {[%clk 1:12:33]} 13. Bd4
{[%clk 1:14:20]} Nd7 {[%clk 1:10:48]} 14. f3 {[%clk 1:11:26]} Nge5 {[%clk
1:06:16]} 15. Re1 {[%clk 1:09:35]} Bd6 {[%clk 1:01:17]} 16. Bf2 {[%clk 1:07:08]}
a6 {[%clk 0:56:44]} 17. Nh3 {[%clk 1:01:52]} O-O-O {[%clk 0:56:33]} 18. f4 {[%clk
0:59:12]} Nc4 {[%clk 0:52:11]} 19. Ng5 {[%clk 0:58:26]} Rde8 {[%clk 0:49:20]} 20.
Nxe6 {[%clk 0:57:54]} fxe6 {[%clk 0:48:08]} 21. Bh3 {[%clk 0:57:03]} e5 {[%clk
0:45:16]} 22. fxe5 {[%clk 0:55:45]} Nxe5 {[%clk 0:44:42]} 23. Bg2 {[%clk
0:52:31]} Rg7 {[%clk 0:42:31]} 24. h3 {[%clk 0:50:06]} Rge7 {[%clk 0:40:46]} 25.
b3 {[%clk 0:46:24]} Nc5 {[%clk 0:39:53]} 26. Nd1 {[%clk 0:44:11]} Nxb3+ {[%clk
0:39:53]} 27. cxb3 {[%clk 0:44:11]} Nd3+ {[%clk 0:36:22]} 28. Kd2 {[%clk
0:43:01]} Nxe1 {[%clk 0:36:01]} 29. Rxe1 {[%clk 0:40:09]} Bb4+ {[%clk 0:36:06]}
30. Nc3 {[%clk 0:35:01]} d4 {[%clk 0:33:46]} 31. Rxe7 {[%clk 0:34:14]} dxc3+
{[%clk 0:33:41]} 32. Kc2 {[%clk 0:33:41]} Rxe7 {[%clk 0:33:56]} 33. Bf1 {[%clk
0:33:54]} Rf7 {[%clk 0:33:42]} 34. Bd3 {[%clk 0:32:13]} Rxf2+ {[%clk 0:33:42]}
35. Kb1 {[%clk 0:32:07]} Rf3 {[%clk 0:33:31]} 36. Bxh7 {[%clk 0:32:08]} Rxg3
{[%clk 0:33:44]} 37. Kc2 {[%clk 0:32:24]} Rg2+ {[%clk 0:33:01]} 38. Kb1 {[%clk
0:32:40]} Ba3 {[%clk 0:32:39]} 0-1

[Event "Women's Baku Chess Olympiad"]
[Site "chess24.com"]
[Date "2016.09.09"]
[Round "7"]
[White "Ashley, Christiana Naa Merley"]
[Black "Thobile Mthethwa"]
[Result "0-1"]
[Board "3"]
[WhiteID "12600474"]
[WhiteElo "1390"]
[WhiteCountry "GHA"]
[WhiteFideId "12600474"]
[WhiteEloChange "-10"]
[BlackID "20700164"]
[BlackElo "1392"]
[BlackCountry "SWZ"]
[BlackFideId "20700164"]
[BlackEloChange "10"]

1. e4 {[%clk 1:30:48]} c6 {[%clk 1:30:43]} 2. Nf3 {[%clk 1:30:48]} d5 {[%clk
1:30:26]} 3. e5 {[%clk 1:29:19]} Bf5 {[%clk 1:30:34]} 4. d4 {[%clk 1:29:15]} e6
{[%clk 1:28:36]} 5. Be2 {[%clk 1:28:25]} Nd7 {[%clk 1:26:57]} 6. Bf4 {[%clk
1:28:05]} c5 {[%clk 1:23:06]} 7. O-O {[%clk 1:25:00]} cxd4 {[%clk 1:17:16]} 8.
Nxd4 {[%clk 1:25:05]} Bg6 {[%clk 1:16:34]} 9. Nc3 {[%clk 1:23:24]} Bc5 {[%clk
1:13:27]} 10. Ncb5 {[%clk 1:19:19]} Qb6 {[%clk 1:02:47]} 11. c4 {[%clk 1:16:30]}
O-O-O {[%clk 0:57:00]} 12. Nd6+ {[%clk 1:16:33]} Kb8 {[%clk 0:57:09]} 13. b3
{[%clk 1:14:09]} Bxd4 {[%clk 0:56:53]} 14. Bd3 {[%clk 1:13:43]} Nxe5 {[%clk
0:55:48]} 15. Bxe5 {[%clk 1:12:00]} Bxa1 {[%clk 0:54:20]} 16. Nxf7+ {[%clk
1:10:56]} Bxe5 {[%clk 0:52:31]} 17. Nxh8 {[%clk 1:11:13]} Ne7 {[%clk 0:48:05]}
18. Bxg6 {[%clk 1:07:28]} Nxg6 {[%clk 0:43:59]} 19. Nf7 {[%clk 1:07:10]} Rd7
{[%clk 0:35:04]} 20. Nxe5 {[%clk 1:07:01]} Nxe5 {[%clk 0:35:00]} 21. Qh5 {[%clk
1:06:18]} Nd3 {[%clk 0:25:31]} 22. Qxh7 {[%clk 1:06:11]} dxc4 {[%clk 0:25:26]}
23. bxc4 {[%clk 1:05:57]} Qd4 {[%clk 0:21:33]} 24. Qg8+ {[%clk 1:05:58]} Kc7
{[%clk 0:21:47]} 25. Qxe6 {[%clk 1:06:20]} g5 {[%clk 0:17:02]} 26. h3 {[%clk
1:04:54]} Ne5 {[%clk 0:16:28]} 27. Kh2 {[%clk 1:03:51]} Qxc4 {[%clk 0:13:38]} 28.
Qxe5+ {[%clk 1:03:44]} Kd8 {[%clk 0:08:59]} 29. Qxg5+ {[%clk 1:01:59]} Kc8 {[%clk
0:08:47]} 30. Rc1 {[%clk 1:02:21]} Qc7+ {[%clk 0:08:18]} 31. Qg3 {[%clk 1:02:46]}
Qxc1 {[%clk 0:09:37]} 32. f4 {[%clk 1:02:35]} Qd2 {[%clk 0:06:37]} 33. Qg8+
{[%clk 1:02:18]} Kc7 {[%clk 0:05:58]} 34. f5 {[%clk 1:02:31]} Qf4+ {[%clk
0:06:00]} 35. Qg3 {[%clk 1:02:29]} Qxg3+ {[%clk 0:06:16]} 36. Kxg3 {[%clk
1:02:50]} Kd6 {[%clk 0:05:55]} 37. Kf4 {[%clk 1:03:08]} Ke7 {[%clk 0:06:16]} 38.
g4 {[%clk 1:03:27]} Kf6 {[%clk 0:04:59]} 39. g5+ {[%clk 1:03:32]} Kg7 {[%clk
0:04:50]} 40. f6+ {[%clk 1:33:45]} Kg6 {[%clk 0:34:59]} 41. Ke5 {[%clk 1:34:07]}
b5 {[%clk 0:34:05]} 42. Ke6 {[%clk 1:34:13]} Rf7 {[%clk 0:34:05]} 43. h4 {[%clk
1:34:13]} Rh7 {[%clk 0:31:17]} 44. a3 {[%clk 1:34:12]} a5 {[%clk 0:31:33]} 45.
h5+ {[%clk 1:34:23]} Kxh5 {[%clk 0:29:45]} 46. f7 {[%clk 1:34:37]} Rxf7 {[%clk
0:28:55]} 47. Kd5 {[%clk 1:29:56]} Kxg5 {[%clk 0:28:31]} 48. Kc5 {[%clk 1:30:15]}
Rf5+ {[%clk 0:28:17]} 49. Kb6 {[%clk 1:30:33]} b4 {[%clk 0:27:22]} 50. axb4
{[%clk 1:29:16]} axb4 {[%clk 0:27:28]} 51. Kc6 {[%clk 1:29:38]} b3 {[%clk
0:27:43]} 52. Kd6 {[%clk 1:30:04]} b2 {[%clk 0:27:26]} 53. Ke6 {[%clk 1:30:31]}
Ra5 {[%clk 0:27:33]} 54. Kd6 {[%clk 1:30:44]} b1Q {[%clk 0:27:45]} 55. Ke6 {[%clk
1:31:04]} Qd3 {[%clk 0:27:02]} 56. Ke7 {[%clk 1:31:19]} Kf5 {[%clk 0:26:12]} 57.
Kf7 {[%clk 1:31:34]} Qd6 {[%clk 0:25:51]} 58. Kg7 {[%clk 1:31:44]} Ra7+ {[%clk
0:26:07]} 0-1